Os Prn̕cipios de Direito do Trabalho na Lei e na Jurisprudn̊cia
| Main Author: | |
|---|---|
| Format: | Book |
| Language: | Spanish |
| Published: |
Sô Paulo
LTR Editora
2015
|
| Subjects: | |
| Online Access: | Acceso restringido |
MARC
| LEADER | 00000nam a22000007a 4500 | ||
|---|---|---|---|
| 005 | 20151203100959.0 | ||
| 007 | cr|z|| ||u| | ||
| 008 | 151203s2015 bl ||||| |||| 00||0 spa d | ||
| 020 | |a 978-85-361-8609-2 | ||
| 035 | |a 12954 | ||
| 040 | |a vLex | ||
| 090 | |c 5713 |d 5713 | ||
| 100 | 1 | |a Marques De Lima, Francisco Meton | |
| 245 | 1 | 0 | |a Os Prn̕cipios de Direito do Trabalho na Lei e na Jurisprudn̊cia |h [Recurso electrn̤ico] / |c Francisco Meton Marques De Lima |
| 256 | |a Servicio en ln̕ea | ||
| 260 | |a Sô Paulo |b LTR Editora |c 2015 | ||
| 300 | |a 1 recurso electrn̤ico | ||
| 500 | |a Os princp̕ios do direito sô normas jurd̕icas, ou melhor, supernormas de cumprimento obrigatr̤io. Para Canotilho, regras “sô normas que, verificados determinados pressupostos, exigem, prob̕em ou permitem algo em termos definitivos, sem qualquer excepȯ̂ (direito definitivo)”; e princp̕ios “sô normas que exigem a realizaȯ̂ de algo, da melhor forma possv̕el, de acordo com as possibilidades fc̀ticas e jurd̕icas. Os princp̕ios impe̳m a optimizaȯ̂ de um direito ou de um bem jurd̕ico, tendo em conta a 'reserva do possv̕el', fc̀tica ou jurd̕ica”. Pois bem, a CLT ̌enxuta, condensando todo o direito material, administrativo, processual e executr̤io em menos de 800 artigos vigentes. Inclui os princp̕ios como fonte formal do Direito do Trabalho e como barreira contra a invasô do direito comum ̉cidadela trabalhista, cf. arts. 8o, parg̀rafo n︢ico e 765. Por isso, ̌suplementada por mais de 600 sm︢ulas trabalhistas dos tribunais superiores, outro tanto dos regionais, mais de 800 OJ, PN, IN do MTE e do TST... Logo, a CLT condensa um direito de princp̕ios. Da ̕a essencialidade do tema. | ||
| 506 | 1 | |a Contenido solo disponible en los productos indicados |d vLex Global |d vLex Global (Academic Edition, excluding Law Schools) |d vLex Global (U.S. Academic Edition, Law Schools) |d vLex Global (U.S. Academic Edition, excluding Law Schools) |d vLex Global (Academic Edition, Law Schools) | |
| 650 | 0 | 4 | |a Derecho |z Sao Paulo |
| 740 | 0 | |a vLex libros (servicio en ln̕ea) | |
| 856 | 4 | 0 | |u http://vlex.com/source/principios-de-direito-do-trabalho-na-lei-e-na-jurisprud-ncia-12954 |z Acceso restringido |
| 942 | |c BOOK | ||
| 999 | 0 | |a Law | |


